Die Bleifunde der rȯmisch-republikanischen Anlage von Sanisera, Menorca : Archäologische und archäometrische Analyse /

This text presents archaeological and archaeometrical analysis of the lead finds from the Roman Republican military fort of Sanisera, northern Minorca. It places Sanisera within the historical context of the development of the late Roman Republic and early Imperial times.

محفوظ في:

المؤلف الرئيسي: Müller, Regine (مؤلف)

التنسيق: كتاب الكتروني

اللغة: German

منشور في: Summertown, Oxford : Archaeopress Publishing Ltd, 2018.

سلاسل: Archaeopress Roman archaeology.

الموضوعات:

الوصول للمادة أونلاين: Login to view Source

الوسوم: إضافة وسم

لا توجد وسوم, كن أول من يضع وسما على هذه التسجيلة!

رقم الطلب: DP44

LEADER 01807nam a2200385 i 4500
001 EDZ0001950351
003 StDuBDS
005 20230412182326.0
006 m|||||o||d||||||||
007 cr |||||||||||
008 181009s2018 enka fo 000|0|ger|d
020 |a 9781784919894 (ebook) :  |c No price 
040 |a StDuBDS  |b eng  |c StDuBDS  |e rda  |e pn 
050 4 |a DP44 
082 0 4 |a 936.6  |2 23 
100 1 |a Müller, Regine,  |e author. 
245 1 4 |a Die Bleifunde der rȯmisch-republikanischen Anlage von Sanisera, Menorca :  |b Archäologische und archäometrische Analyse /  |c Regine Müller. 
264 1 |a Summertown, Oxford :  |b Archaeopress Publishing Ltd,  |c 2018. 
300 |a 1 online resource (230 pages) :  |b illustrations (black and white, and colour). 
336 |a text  |2 rdacontent 
336 |a still image  |2 rdacontent 
337 |a computer  |2 rdamedia 
338 |a online resource  |2 rdacarrier 
490 1 |a Archaeopress Roman archaeology 
500 |a Previously issued in print: 2018. 
520 8 |a This text presents archaeological and archaeometrical analysis of the lead finds from the Roman Republican military fort of Sanisera, northern Minorca. It places Sanisera within the historical context of the development of the late Roman Republic and early Imperial times. 
521 |a Specialized. 
588 |a Description based on online resource; title from home page (viewed on October 9, 2018). 
651 0 |a Minorca (Spain)  |x Antiquities, Roman. 
776 0 8 |i Print version :  |z 9781784919887 
830 0 |a Archaeopress Roman archaeology. 
856 4 0 |3 Archaeopress  |u http://library.arce.org:8087/Archaeopress/Products/9781784919887 
942 |2 lcc  |c EBOOK 
952 |0 0  |1 0  |4 0  |6 DP0044  |7 1  |9 46452  |a ARCH  |b ARCH  |d 2023-04-12  |l 0  |o DP44  |r 2023-04-12 00:00:00  |w 2023-04-12  |y EBOOK 
999 |c 52110  |d 52110